00630nam a22001937a 4500003000400000005001700004008004000021040001000061082002200071100002400093245011300117250001100230260005300241300004700294490003500341500002000376650001800396710002200414OSt20150408114133.0060621s2011 enka 001 0 eng  aMa_ua 222a428.007 bKLI aKrois-Lindner, Amy. aInternational legal English : .ba course for classroom or self-study use cAmy Krois-Lindner and TransLegal a2ne ed aCambridge : .bCambridge University Press,c2011 a336 p. :.b ill. ;c27 cm. +e 3 Audio CDs aCambridge professional English aIncludes index. aBusiness law. aTransLegal (Firm)